000 01498nam a22004337a 4500
003 OSt
005 20230424104558.0
008 221006b |||||||| |||| 00| 0 eng d
040 _cBiblioteca Lado V
082 _a700
_bS929p
100 _9814
_aStuart, Jacobo F.J.
_edirector
245 _aEl Pasante/
_bProcesos/
260 _bEdiciones Siruela S.A.
_aEspaƱa
300 _c21x30cm
_a184p.
490 _a8
505 _tManual de instruccines para Etant donnes
505 _tOctavio Paz
505 _tCOSMOGONIAS
505 _tOliver Sacks y Robert Wasserman
505 _tEl secreto de Andy Warhol
505 _tAndy en subasta
505 _tLuis Gordillo
505 _tJean Jacques Lequeu
505 _tPeter Eisenman
505 _tLa caza de la idea esquiva
505 _tWim Wenders
505 _tPlein Sud
505 _tTextos Originales y Traducciones al ingles
650 _2Tesauro de Arte & Arquitectura
_aCONCIENCIA SOCIAL
_9703
650 _2Tesauro de Arte & Arquitectura
_aHISTORIA
650 _2Tesauro de Arte & Arquitectura
_aARTE COSTARRICENSE
650 _2Tesauro de Arte & Arquitectura
_aCULTURA
650 _2Tesauro de Arte & Arquitectura
_aARTE LATINOAMERICANO
650 _2Tesauro de Arte & Arquitectura
_aTEORIA
650 _2Tesauro de Arte & Arquitectura
_aLITERATURA
650 _2Tesauro de Arte & Arquitectura
_aCRITICA
650 _2Tesauro de Arte & Arquitectura
_aTEATRO
942 _2ddc
_c1
_h700
_iS929p
_n0
999 _c3458
_d3458